000 01096nam a22002897a 4500
999 _c42681
_d42681
001 13736
003 CO-MdFUSB
005 20171116105531.0
008 171116t2005 sp ||||| |||| 00| 0 spa d
020 _a84-8164-754-3
040 _aCO-MdFUSB
_bspa
_cCO-MdFUSB
_dCO-MdFUSBC
_erda
041 0 _aspa
082 0 4 _aG 225.9 M813s
100 1 _aMontserrat Torrents, José (1932-)
_eautor
245 1 3 _aLa sinagoga cristiana
_c/ José Montserrat Torrents
250 _a2
264 4 _aMadrid, España :
_bTrotta,
_c©2005
300 _a380 Pág.
336 _2rdacontent
_atexto
_btxt
337 _2rdamedia
_asin mediación
_bn
338 _2rdacarrier
_avolumen
_bnc
505 0 0 _a- El judaísmo hasta el año 70 - Filón de Alejandría - Pablo: la Carta a los Gálatas - Jerusalén y Roma - El judaismo entre las dos guerras - Corrientes del judaísmo entre 70 y 135 - El judaísmo cristiano - Galilea - Perea - La diáspora judía
650 0 _aJudaísmo (Teología cristiana)
_91049
650 7 _aIglesia
_9655
653 _aIglesia - Historia - Periodo primitivo, 30-600
942 _cBK